Crisis familiar : (Record no. 85105)
[ view plain ]
| 000 -CABECERA | |
|---|---|
| campo de control de longitud fija | 01015ngm a2200217 a 4500 |
| 005 - FECHA Y HORA DE LA ÚLTIMA TRANSACCIÓN | |
| campo de control | 20240925063755.0 |
| 008 - ELEMENTOS DE LONGITUD FIJA--INFORMACIÓN GENERAL | |
| campo de control de longitud fija | 010910s1997 mx 048 aaspa d |
| 035 ## - NÚMERO DE CONTROL DEL SISTEMA | |
| Número de control de sistema | UPN01000111196 |
| 049 ## - COLECCIÓN | |
| Colección | AV |
| 050 #4 - SIGNATURA TOPOGRÁFICA DE LA BIBLIOTECA DEL CONGRESO | |
| Número de clasificación | PVI LB 0950 |
| 245 00 - MENCIÓN DE TÍTULO | |
| Título | Crisis familiar : |
| Resto del título | la hora de la tarea. |
| 260 ## - PUBLICACIÓN, DISTRIBUCIÓN, ETC. | |
| Lugar de publicación, distribución, etc. | México : |
| Nombre del editor, distribuidor, etc. | ILCE, |
| Fecha de publicación, distribución, etc. | 1997. |
| 300 ## - DESCRIPCIÓN FÍSICA | |
| Extensión | 1 videocassette (VHS) (48 min.) : |
| Otras características físicas | son., col. |
| 440 #0 - MENCIÓN DE SERIE/ASIENTO SECUNDARIO--TÍTULO | |
| Título | Tus hijos en el siglo XXI ; |
| Designación de volumen o secuencia | 6 |
| 501 ## - NOTA DE "CON" | |
| Nota de “Con” | Con: Las matemáticas. |
| 520 ## - NOTA DE RESUMEN, ETC. | |
| Sumario, etc. | La hora de la tarea constituye, en muchas ocasiones, un verdadero drama familiar, debido a que los padres no saben como enfrentar negativas a realizarlas y no sabe propiciar su realización. En: Las matemáticas, se señala que si se cuenta con las herramientas y las estrategias necesarias esto permitirá que se propicie un acercamiento positivo a esta materia tan controvertida |
| 650 #2 - ASIENTO SECUNDARIO DE MATERIA - TERMINO TEMATICO | |
| Término de materia o nombre geográfico como elemento de entrada | Tareas escolares |
| 9 (RLIN) | 4301 |
| 650 #4 - ASIENTO SECUNDARIO DE MATERIA - TERMINO TEMATICO | |
| Término de materia o nombre geográfico como elemento de entrada | Matemáticas |
| Subdivisión general | Estudio y enseñanza |
| 9 (RLIN) | 3601 |
| 740 4# - ASIENTO SECUNDARIO - TÍTULOS RELACIONADOS /ANALITICOS NO CONTROLADOS | |
| Título relacionado o analítico no controlado | Las matemáticas |
| 905 ## - TIPO DE MATERIAL | |
| Tipo de material | Audiovisuales |
| Estado de retiro | Estado de pérdida | Fuente del sistema de clasificación o colocación | Estado dañado | No para préstamo | Código de colección | Localización permanente | Ubicación/localización actual | Ubicación en estantería | Total de préstamos | Clasificación | Código de barras | Fecha visto por última vez | Número de copia | Tipo de ítem Koha |
|---|---|---|---|---|---|---|---|---|---|---|---|---|---|---|
| Library of Congress Classification | Audiovisuales | Bib. Gregorio Torres Quintero | Bib. Gregorio Torres Quintero | Audiovisual | PVI LB 0950 | 172309 | 31/12/2020 | 1 | Videocasete |
